US Lecce Squad 2025-2026 - Statistics

General Stats
  • This quiz has been taken 136 times
    73 since last reset
  • The average score is 20 of 37
Answer Stats
# Position Nation Player % Correct
30 GK Italy Wladimiro Falcone
88%
4 DF Angola Kialonda Gaspar
86%
9 FW Serbia Nikola Štulić
86%
19 FW Zambia Lameck Banda
84%
44 DF Portugal Tiago Gabriel
81%
99 FW Morocco Walid Cheddira
81%
10 MF Albania Medon Berisha
79%
25 DF Italy Antonino Gallo
77%
20 MF Albania Ylber Ramadani
77%
- Coach Italy Eusebio Di Francesco
74%
29 MF Mali Lassana Coulibaly
74%
50 FW Argentina Santiago Pierotti
72%
22 FW Italy Francesco Camarda
70%
5 DF Germany Jamil Siebert
65%
16 MF Israel Omri Gandelman
65%
23 FW Italy Riccardo Sottil
65%
7 FW Spain Tete Morente
65%
17 DF Portugal Danilo Veiga
58%
1 GK Germany Christian Früchtl
51%
8 MF Tunisia Hamza Rafia
51%
11 FW Ivory Coast Konan N’Dri
51%
77 MF France Mohamed Kaba
49%
14 MF Iceland Þórir Jóhann Helgason
49%
18 DF France Gaby Jean
47%
79 MF Mauritania Oumar Ngom
44%
75 MF France Balthazar Pierret
42%
8 MF Togo Sadik Fofana
40%
3 DF Ireland Corrie Ndaba
35%
93 MF Morocco Youssef Maleh
35%
36 MF Poland Filip Marchwiński
33%
32 GK Finland Jasper Samooja
33%
6 MF Spain Álex Sala
28%
13 DF Chile Matías Pérez
28%
21 DF Ivory Coast Christ-Owen Kouassi
21%
80 MF Bosnia and Herzegovina Niko Kovač
12%
28 MF Netherlands Olaf Gorter
12%
33 GK Bulgaria Plamen Penev
12%
No matching quizzes found
Score Distribution
Percent of People with Each Score
Percentile by Number Answered
Your Score History
You have not taken this quiz since the last reset